Institutional mechanism for urban environmental management in India: a case study of selected cities (Record no. 15795)
[ view plain ]
| 000 -LEADER | |
|---|---|
| fixed length control field | 00639nam a2200193Ia 4500 |
| 082 ## - DEWEY DECIMAL CLASSIFICATION NUMBER | |
| Classification number | TA.0270 |
| 100 ## - MAIN ENTRY--AUTHOR NAME | |
| Personal name | Anjum, Sayeed |
| 245 #0 - TITLE STATEMENT | |
| Title | Institutional mechanism for urban environmental management in India: a case study of selected cities |
| 260 ## - PUBLICATION, DISTRIBUTION, ETC. (IMPRINT) | |
| Year of publication | 2006 |
| Name of publisher | Jawaharlal Nehru University, New Delhi |
| 300 ## - PHYSICAL DESCRIPTION | |
| Number of Pages | 263 |
| 504 ## - BIBLIOGRAPHY, ETC. NOTE | |
| Bibliography, etc | includes appendices and bibliography |
| 650 ## - SUBJECT ADDED ENTRY--TOPICAL TERM | |
| Topical Term | Environmental management |
| Form subdivision | Urban India |
| 650 ## - SUBJECT ADDED ENTRY--TOPICAL TERM | |
| Topical Term | Urban ecology |
| Form subdivision | India |
| 650 ## - SUBJECT ADDED ENTRY--TOPICAL TERM | |
| Topical Term | Water |
| Form subdivision | Supply |
| -- | India |
| 650 ## - SUBJECT ADDED ENTRY--TOPICAL TERM | |
| Topical Term | Water quality management |
| Form subdivision | India |
| 650 ## - SUBJECT ADDED ENTRY--TOPICAL TERM | |
| Topical Term | Municipal water supply |
| Form subdivision | India |
| 710 ## - ADDED ENTRY--CORPORATE NAME | |
| Corporate name or jurisdiction name as entry element | Kidwai, Atiya H. |
| 942 ## - ADDED ENTRY ELEMENTS (KOHA) | |
| Koha item type | Thesis |
| Source of classification or shelving scheme | Dewey Decimal Classification |
| Withdrawn status | Lost status | Damaged status | Not for loan | Home library | Current library | Date acquired | Source of acquisition | Bill Date | Full call number | Accession Number | Price effective from | Koha item type |
|---|---|---|---|---|---|---|---|---|---|---|---|---|
| NASSDOC Library | NASSDOC Library | 06/02/2007 | Gifted by : Fellowship Division, ICSSR | 2006-12-18 | TA.0270 | 43207 | 18/04/2019 | Thesis |
